Key next door : (Record no. 12032)
[ view plain ]
| 000 -LEADER | |
|---|---|
| fixed length control field | 00462cam a22001692 4500 |
| 001 - CONTROL NUMBER | |
| control field | 0000012577 |
| 005 - DATE AND TIME OF LATEST TRANSACTION | |
| control field | 20140825164445.0 |
| 008 - FIXED-LENGTH DATA ELEMENTS--GENERAL INFORMATION | |
| fixed length control field | 080611s1960 nyu 000 0 eng d |
| 040 ## - CATALOGING SOURCE | |
| Original cataloging agency | PUL |
| 050 ## - LIBRARY OF CONGRESS CALL NUMBER | |
| Classification number | BX8333.W416 |
| Item number | K4 1960 |
| 100 1# - MAIN ENTRY--PERSONAL NAME | |
| Personal name | Weatherhead, Leslie Dixon, |
| Dates associated with a name | 1893-. |
| 245 10 - TITLE STATEMENT | |
| Title | Key next door : |
| Remainder of title | sermons. |
| 260 ## - PUBLICATION, DISTRIBUTION, ETC. (IMPRINT) | |
| Place of publication, distribution, etc | New York : |
| Name of publisher, distributor, etc | Abingdon Press, |
| Date of publication, distribution, etc | 1960. |
| 300 ## - PHYSICAL DESCRIPTION | |
| Extent | 255 p. ; |
| Dimensions | 21 cm. |
| 650 #0 - SUBJECT ADDED ENTRY--TOPICAL TERM | |
| Topical term or geographic name as entry element | Methodist Church |
| General subdivision | Sermons. |
| 908 ## - PUT COMMAND PARAMETER (RLIN) | |
| Put command parameter | 080611 |
| Withdrawn status | Lost status | Source of classification or shelving scheme | Damaged status | Not for loan | Home library | Current library | Date acquired | Source of acquisition | Cost, normal purchase price | Total Checkouts | Full call number | Barcode | Date last seen | Price effective from | Koha item type |
|---|---|---|---|---|---|---|---|---|---|---|---|---|---|---|---|
| Library of Congress Classification | Presbyterian University of East Africa - Main Library | Presbyterian University of East Africa - Main Library | 26/12/2012 | DON | 400.00 | BX8333.W416 K4 1960 | 020020014687 | 26/12/2012 | 26/12/2012 | General circulation books |
